| 000 | 00351nam a22001097a 4500 | ||
|---|---|---|---|
| 008 | 230703b xxu||||| |||| 00| 0 eng d | ||
| 082 |
_a342 _bCKRC 2002 |
||
| 245 |
_aThe Report of the Constitution of Kenya Review Commision Short Version _bThe People's Choice |
||
| 260 |
_bConstitution of Kenya Review Commision _c2002 |
||
| 300 | _a75p | ||
| 942 |
_2ddc _cBK |
||
| 999 |
_c3498 _d3498 |
||